UBT Library

Family values : (Record no. 43346)

000 -LEADER
fixed length control field 00755cam a2200253 a 4500
001 - CONTROL NUMBER
control field 2134946
005 - DATE AND TIME OF LATEST TRANSACTION
control field 20180224030106.0
008 - FIXED-LENGTH DATA ELEMENTS--GENERAL INFORMATION
fixed length control field 970626s1997 nyua b 001 0 eng d
010 ## - LIBRARY OF CONGRESS CONTROL NUMBER
LC control number 97183209
020 ## - INTERNATIONAL STANDARD BOOK NUMBER
International Standard Book Number 0415913659
035 ## - SYSTEM CONTROL NUMBER
System control number (OCoLC)37201510
040 ## - CATALOGING SOURCE
Original cataloging agency TxDN
Transcribing agency TxDN
Modifying agency DLC
041 ## - LANGUAGE CODE
Language code of text/sound track or separate title eng
042 ## - AUTHENTICATION CODE
Authentication code lccopycat
080 ## - UNIVERSAL DECIMAL CLASSIFICATION NUMBER
Universal Decimal Classification number 305.3
082 00 - DEWEY DECIMAL CLASSIFICATION NUMBER
Classification number 305.3 OLI
Edition number 21
100 1# - Rafti
Rafti 50
101 ## - Shkurtesa
Shkurtesa SOC
245 10 - TITLE STATEMENT
Title Family values :
Statement of responsibility, etc Kelly Oliver.
504 ## - BIBLIOGRAPHY, ETC. NOTE
Bibliography, etc Includes bibliographical references (p. 244-251) and index.
906 ## - LOCAL DATA ELEMENT F, LDF (RLIN)
a 7
b cbc
c copycat
d u
e ncip
f 19
g y-gencatlg
942 ## - ADDED ENTRY ELEMENTS (KOHA)
Source of classification or shelving scheme
Item type Books
Holdings
Withdrawn status Lost status Source of classification or shelving scheme Damaged status Not for loan Collection code Permanent location Current location Shelving location Date acquired Total Checkouts Full call number Barcode Date last seen Price effective from Koha item type
          Koleksioni i përgjithshem UBT - Lipjan UBT - Lipjan Koleksioni i përgjithshem 02/24/2018   305.3 OLI 002-2999645 02/24/2018 02/24/2018 Books
UBT Library © 2015-2024. All rights reserved University Education for Business and Technology